000
00306nam a22001337a 4500
020
_a
679-84784-7
082
_a
823
_b
MAR/Y
100
_a
MARTIN, LES
245
_a
INDIANA JONES CHRONICLES
_b
TREK OF DOOM
260
_a
NEW YORK
_b
RANDOM HOUSE
300
_a
115
650
_a
NOVEL
_z
UNITED STATES
942
_c
BK
999
_c
3535
_d
3535